00936nam a2200229 a 450000100100000000500170001000800410002704000250006808200210009310000510011424500660016526000390023130000210027050400320029159000260032365000280034965000310037791000370040895201190044595201250056499900170068900001218420240412074230.0091106s19uu dr 001 p spa d aDO-SdBNPbspacBNPHU aRD861.44bB253an1 aBarinas Coiscou, Sócrates,d1916-202192437910aAnacaona :bllama de eternidad /cSócrates Barinas Coiscou. a[Santo Domingo] :b[s.n],c[19--]. a143 p. ;c21 cm. aBibliografía : p. 135-136 aInventariado, 2018/LP 0aPoesía dominicana966 0aLiteratura dominicana.967 aValidado. Control de calidad MFF 0010718PDaPDbPDcHDd2009-11-06iLF1l0oRD861.44 B253anp12184-10r2020-06-25w2020-06-25yLFPDZNo se presta 0010718PDaPDbPDcHDd2009-11-06iLF1l0oRD861.44 B253anp12184-20r2020-06-25te. 2w2020-06-25yLFPDZNo se presta c11849d11849